| 000 | 00538nam a2200157 a 4500 | ||
|---|---|---|---|
| 005 | 20140412111302.0 | ||
| 008 | 010418s19uu xx 00 eng d | ||
| 020 | _a971-121-074-6 | ||
| 050 |
_aFil E _bIb1 1992 |
||
| 100 | _aLacson, Tomas | ||
| 245 |
_aIbalon: tatlong bayani ng epikong Bicol : _b(three heroes of the Bicol epic) / _cby Tomas Lacson; illustration Albert E. Gamos; Annie V. Habulan. |
||
| 260 |
_aPhilippines : _bAklat Adarna, _c1992. |
||
| 300 | _a1v. (unp.) ; ill. | ||
| 650 | _aBicol epic-Philippines | ||
| 999 |
_c103449 _d103449 |
||